| 000 | 02022cam a2200337 i 4500 | ||
|---|---|---|---|
| 001 | 768714001 | ||
| 003 | CO-MdFUSB | ||
| 005 | 20220624123426.0 | ||
| 007 | ta | ||
| 008 | 991025t2000 miu b 100 0 eng | ||
| 020 | _a080284698X | ||
| 040 |
_aDLC _cCO-MdFUSB _dYDX _dTQC _dVVC _dBAKER _dNLGGC _dBTCTA _dLVB _dYDXCP _dUtOrBLW _bspa _erda |
||
| 041 | _aeng | ||
| 082 |
_223 _a241.66 _bH768 |
||
| 245 | 0 | 0 |
_aHomosexuality, science, and the "plain sense" of Scripture / _c David L. Balch. |
| 264 | 1 |
_aGrand Rapids, Mich. : _bW.B. Eerdmans Pub., _c[2000] |
|
| 264 | 4 | _c©2000. | |
| 300 |
_a318 páginas ; _c24 cm. |
||
| 336 |
_atexto _btxt _2rdacontent. |
||
| 337 |
_asin mediación _bn _2rdamedia. |
||
| 338 |
_avolumen _bnc _2rdacarrier. |
||
| 504 | _aIncluye referencias bibliográficas e índices. | ||
| 505 | _aSaliendo del paso: la iglesia y la sexualidad/homosexualidad / Mark G. Toulouse -- Eros del mismo sexo: Pablo y la tradición grecorromana / William R. Schoedel -- El uso, mal uso y abuso de la ciencia en los debates eclesiásticos sobre la homosexualidad / Stanton L. Jones y Mark A. Yarhouse -- La Biblia y la ciencia sobre la sexualidad / Christine E. Gudorf -- La Biblia en la deliberación ética cristiana sobre la homosexualidad: contribuciones del Antiguo Testamento / Phyllis A. Bird -- La sexualidad y el sentido llano de las Escrituras: la La comunidad cristiana y la ley de Dios / Christopher Seitz -- Uso natural y antinatural en Romanos 1:24-27 / Robert Jewett -- La lógica de la interpretación de las Escrituras y el debate de la iglesia sobre la ética sexual / Kathryn Green-McCreight -- Cristiana vocación, libertad de Dios y homosexualidad / Nancy J. Duff -- Observaciones finales del editor, incluida una comparación de la interpretación bíblica cristiana con la judía / David L. Balch. | ||
| 563 | _aRústico | ||
| 650 | 7 |
_aReligión _9385 |
|
| 653 | _aHomosexualidad | ||
| 700 | 1 |
_aBalch, David L. _eeditor |
|
| 942 | _cBK | ||
| 945 | _aJTF-925 | ||
| 999 |
_c67534 _d67534 |
||